000 00363nam a22001577a 4500
003 OSt
005 20240311120149.0
008 171027b xxu||||| |||| 00| 0 eng d
020 _a978-0074600689
040 _cSEROSOFT
100 _aCHOUDHARY, S
245 _aPROJECT MANAGEMENT
260 _aNEW DELHI
_bMC GRAW HILL
_c2010
300 _a244
942 _2ddc
_c02
999 _c40782
_d40782